[Event "It (open)"]
[Site "masterchessopen.com Aschach (Austria)"]
[Round "7"]
[White "Lautner Josef (AUT)"]
[Black "Wegerer Josef (AUT)"]
[Result "1-0"]
[WhiteElo "2245"]
[BlackElo "2042"]

1.d4 d5 2.Nf3 Nf6 3.c4 c6 4.e3 Bf5 5.cxd5 cxd5 6.Nc3 e6 7.Ne5 a6 8.g4 Be4 9.f3
Bg6 10.h4 h5 11.g5 Nfd7 12.Nxg6 fxg6 13.Bd3 Bd6 14.Bxg6+ Ke7 15.f4 Qf8 16.O-O
b5 17.f5 {#r} 1-0

[Event "Memorial P.Dubinin (open)"]
[Site "masterchessopen.com Nizhnij Novgorod (Russia)"]
[Round "0"]
[White "Jevtushenko V V (RUS)"]
[Black "Tereschenkov Sergey (RUS)"]
[Result "1-0"]
[WhiteElo "1976"]
[BlackElo "1849"]

1.d4 d5 2.Nf3 c6 3.e3 Nf6 4.c4 Bf5 5.Nc3 e6 6.Be2 Bb4 7.O-O O-O 8.a3 Bxc3
9.bxc3 Bg4 10.Ne5 Bxe2 11.Qxe2 Nbd7 12.f4 Ne4 13.Qc2 Nxe5 14.fxe5 Qa5 15.Bb2
Rac8 16.a4 Qa6 17.Ba3 Rfd8 18.c5 b6 19.cxb6 axb6 20.Rfb1 c5 21.dxc5 {#r} 1-0

[Event "Memorial P.Dubinin (open)"]
[Site "masterchessopen.com Nizhnij Novgorod (Russia)"]
[Round "0"]
[White "Lugovoy Dmitry (RUS)"]
[Black "Rakov Anatoly (RUS)"]
[Result "0-1"]
[WhiteElo "2082"]
[BlackElo "2115"]

1.d4 d5 2.c4 c6 3.Nf3 Nf6 4.e3 Bf5 5.Nc3 e6 6.Ne5 h6 7.cxd5 exd5 8.Bd3 Bxd3
9.Qxd3 Bd6 10.f4 Nbd7 11.O-O O-O {#R} 0-1

[Event "Memorial P.Dubinin (open)"]
[Site "masterchessopen.com Nizhnij Novgorod (Russia)"]
[Round "0"]
[White "Rube Alexander (RUS)"]
[Black "Kotov Viktor (RUS)"]
[Result "0-1"]
[WhiteElo "2197"]
[BlackElo "2374"]

1.d4 d5 2.c4 c6 3.Nf3 Nf6 4.e3 Bf5 5.Nc3 e6 6.Nh4 Bg4 7.Qb3 b6 8.h3 Bh5 9.g4
Ne4 10.Nxe4 Qxh4 11.cxd5 exd5 12.Nc3 Bxg4 13.Nxd5 cxd5 14.Qxd5 Bb4+ 15.Bd2
Bxd2+ 16.Kxd2 Qxf2+ 17.Kc3 Qxe3+ 18.Bd3 O-O 19.Qe4 Rc8+ 20.Kb3 Be6+ 21.Ka3 Qd2
22.b3 g6 23.Qxa8 Qa5+ 24.Kb2 Bd5 25.Rac1 Rd8 {#R} 0-1

[Event "Ch Belgium (team) 2007/08"]
[Site "masterchessopen.com Belgium"]
[Date "2008.01.06"]
[Round "6"]
[White "Istratescu Andrei (ROM)"]
[Black "Vandevoort Pascal (BEL)"]
[Result "1-0"]
[WhiteElo "2633"]
[BlackElo "2389"]

1.d4 d5 2.c4 c6 3.Nf3 Nf6 4.e3 Bf5 5.Nc3 e6 6.Nh4 Bg6 7.Qb3 Qb6 8.Nxg6 hxg6
9.Bd2 Nbd7 10.f4 Be7 11.Rc1 Ng4 12.h3 Bh4+ 13.Ke2 Nf2 14.Rg1 Qa6 15.Kf3 dxc4
16.Bxc4 b5 17.Bf1 {#r} 1-0

[Event "It (open)"]
[Site "masterchessopen.com New Delhi (India)"]
[Date "2008.01.14"]
[Round "3"]
[White "Rahman Ziaur (BAN)"]
[Black "Praveen Prasad P (IND)"]
[Result "1-0"]
[WhiteElo "2510"]
[BlackElo "2289"]

1.Nf3 d5 2.d4 Nf6 3.c4 c6 4.e3 Bf5 5.Nc3 e6 6.Nh4 Bg4 7.Qb3 b6 8.h3 Bh5 9.g4
Bg6 10.Nxg6 hxg6 11.Bg2 g5 12.Bd2 a6 13.O-O-O b5 14.c5 Be7 15.f4 Nfd7 16.e4
gxf4 17.exd5 cxd5 18.Nxd5 exd5 19.Bxd5 Nc6 20.Bxf7+ Kf8 21.Bg6 Nde5 22.dxe5
{#r} 1-0

[Event "Ch Extremadura (team)"]
[Site "masterchessopen.com Extremadura (Spain)"]
[Date "2008.02.16"]
[Round "5"]
[White "Vitor Antonio (POR)"]
[Black "Gonzalez Manchon Juan Miguel (ESP)"]
[Result "1-0"]
[WhiteElo "2388"]
[BlackElo "2100"]

1.Nf3 d5 2.d4 Nf6 3.c4 c6 4.e3 Bf5 5.Nc3 e6 6.Nh4 Be4 7.f3 Bg6 8.Qb3 Qc7 9.Bd2
Nbd7 10.O-O-O a6 11.cxd5 exd5 12.Nxg6 hxg6 13.Kb1 b5 14.h3 Nb6 15.e4 Be7
16.Bd3 O-O 17.h4 Nc4 18.h5 Nxd2+ 19.Rxd2 Qf4 20.Rdd1 g5 21.e5 c5 22.Ne2 c4
23.Nxf4 cxb3 24.exf6 bxa2+ 25.Kxa2 {#r} 1-0

[Event "Bayern Landesliga South 2007/08"]
[Site "masterchessopen.com Bayern (Germany)"]
[Date "2008.02.17"]
[Round "6"]
[White "Jussupow Alexander (GER)"]
[Black "Schoellmann Jochen (GER)"]
[Result "0-1"]
[WhiteElo "2072"]
[BlackElo "2299"]

1.d4 d5 2.Nf3 c6 3.c4 Nf6 4.e3 Bf5 5.Nc3 e6 6.Be2 Nbd7 7.O-O Bd6 8.b3 O-O
9.Bb2 h6 10.Bd3 Bxd3 11.Qxd3 Re8 12.e4 dxe4 13.Nxe4 Nxe4 14.Qxe4 a5 15.a4 Qc7
16.Rfd1 e5 17.d5 Nc5 18.Qc2 e4 19.Nd4 Bxh2+ 20.Kh1 Nd3 21.g3 Bxg3 22.fxg3 Qxg3
23.Rf1 Re5 24.Nf3 Rf5 {#R} 0-1

[Event "Ch USA (qual)"]
[Site "masterchessopen.com Tulsa (USA)"]
[Date "2008.03.29"]
[Round "5"]
[White "Goldin Alexander (USA)"]
[Black "Yermolinsky Alex (USA)"]
[Result "0-1"]
[WhiteElo "2557"]
[BlackElo "2537"]

{ Goldin Alexander (USA) +1 =1 -1 } 1.d4 d5 2.c4 c6 3.Nf3 Nf6 4.e3 Bf5 5.Nc3
e6 6.Nh4 Be4 7.f3 Bg6 8.Qb3 { ?/= } 8...Qc7 ( 8...Qb6 9.Nxg6 hxg6 10.Bd2 Nbd7
11.O-O-O Qxb3 12.axb3 Bd6 13.h3 Nh5 14.Bd3 Ng3 15.Rhe1 O-O-O 16.cxd5 exd5
17.e4 dxe4 18.fxe4 f6 19.Re3 Nh5 20.Rf3 g5 21.e5 fxe5 22.Bxg5 Nhf6 23.Bf5 Kc7
24.Ne4 Be7 25.dxe5 Nxe5 26.Bf4 Rxd1+ 27.Kxd1 Rd8+ 28.Kc2 { ...1/2-1/2, Kramnik
Vladimir 2809 - Shirov Alexei 2706 , Astana 2001 It (cat.20) } ) 9.Bd2 Be7
10.Nxg6 hxg6 11.Rc1 ( 11.O-O-O dxc4 12.Bxc4 b5 13.Bd3 a6 14.Ne4 Nbd7 15.Kb1
Rc8 16.Nxf6+ gxf6 17.Qc2 c5 18.dxc5 Qxc5 19.Qxc5 Bxc5 20.h4 O-O 21.Be2 f5
22.h5 Nf6 23.hxg6 fxg6 24.Rc1 Kf7 25.a4 Nd5 26.axb5 axb5 27.Rh7+ Kf6 28.e4 Be3
29.exd5 Bxd2 30.Rc6 Ke5 { ...1-0, Wang Yue 2703 - Bu Xiangzhi 2692 , Khanty
Mansyisk 30.11.2007 Cup World } ) ( 11.g3 O-O 12.Rc1 Rd8 13.cxd5 Nxd5 14.Bg2
Qb6 15.Nxd5 exd5 16.Qc2 Na6 17.O-O c5 18.Bc3 Rac8 19.Qd2 Qe6 20.Rfe1 Bf6
21.Bf1 cxd4 22.Bxd4 Rxc1 23.Rxc1 Bxd4 24.Qxd4 Nb4 25.Bb5 a6 26.Ba4 b5 27.Bb3
Nc6 28.Qb6 Rd6 29.Kg2 Ne7 30.Qa7 Qe5 { ...1-0, Fridman Daniel 2604 - Bareev
Evgeny 2683 , Venacu 2.11.2006 It (open) (active) } ) 11...Nbd7 ( 11...dxc4
12.Bxc4 Nbd7 13.f4 Rd8 14.Be2 Qb8 15.Bf3 Nd5 16.Ne2 g5 17.g3 gxf4 18.e4 Nc7
19.gxf4 Kf8 20.Be3 Ne8 21.O-O Nef6 22.Ng3 g6 23.Rc2 Rh4 24.f5 gxf5 25.Bg5 Rh8
26.exf5 e5 27.dxe5 Nxe5 28.Rd1 Rxd1+ 29.Bxd1 Qd8 30.Rd2 Nd5 31.Bxe7+ { ...0-1,
Bercys Salvijus 2418 - Najer Evgeniy 2635 , Philadelphia 30. 6.2007 It "World
Open" } ) ( 11...Qb6 12.Be2 Nbd7 13.g3 O-O 14.cxd5 exd5 15.Kf2 Rfe8 16.h4 Bf8
17.g4 Re6 18.g5 Ne8 19.Na4 Qxb3 20.axb3 Nd6 21.Bd3 Rae8 22.Nc3 Nf5 23.Ne2 Bd6
24.e4 dxe4 25.fxe4 Rxe4 26.Bxe4 Rxe4 27.Kf3 Rxh4 28.Rxh4 Nxh4+ 29.Kg4 Nf5
30.Bf4 Bxf4 31.Kxf4 { ...0-1, Kononenko Tatiana 2375 - Salgado Lopez Ivan 2425
, Elgoibar 12.12.2006 It (cat.9) } ) 12.cxd5 ( 12.g3 Rd8 13.Kf2 O-O 14.cxd5
exd5 15.Nxd5 Nxd5 16.Qxd5 Nb6 17.Qb3 Qd7 18.h4 Rfe8 19.h5 g5 20.Bh3 Qd6 21.Kg2
Qf6 22.Qc2 Nd5 23.a3 Bd6 24.e4 Qxd4 25.Bxg5 Ne3+ 26.Bxe3 Qxe3 27.Qf2 Qg5 28.f4
Qa5 29.e5 Bxe5 30.Rhe1 Qd5+ 31.Qf3 Qd2+ { ...0-1, Dreev Alexey 2676 -
Stripunsky Alexander 2535 , Internet 2001 Dos Hermanas Qualifier } ) ( 12.h3
Nb6 13.cxd5 exd5 14.Kd1 a5 15.Na4 Nxa4 16.Qxa4 O-O 17.Rc2 Bb4 18.Bc1 Qg3
19.Bd3 Rfc8 20.Qb3 c5 21.dxc5 Nd7 22.c6 Rxc6 23.Rxc6 Qxg2 24.Rf1 bxc6 25.Qc2
Qxh3 26.Qxc6 Rd8 27.Qc7 Rf8 28.Rf2 Nc5 29.Bf1 Qf5 30.a3 Rc8 31.Qf4 Nd3 {
...0-1, Ernst Sipke 2497 - Sokolov Ivan 2688 , Leeuwarden 2002 Ch Netherlands
} ) 12...exd5 13.e4 { ?! N } ( 13.Kf2 { !? } 13...Nb6 14.g3 O-O 15.a4 g5
16.Bd3 g4 17.f4 Qd7 18.a5 { } ) ( 13.g3 Bd6 14.f4 Qb6 15.Bd3 Qxb3 16.axb3 Ng4
{ 1/2-1/2, Chiburdanidze Maia 2545 - Zhukova Natalia 2450 , Istanbul 2000
Olympiad (w) } ) 13...dxe4 14.fxe4 { +0.15 CAP } 14...Rxh2 15.Rxh2 Qxh2
16.Qxb7 Rb8 17.Qxc6 Rxb2 18.Nb5 Qh4+ 19.Kd1 Qf2 20.Qa8+ { ?? } ( 20.Qc8+ Bd8 {
} ) 20...Bd8 21.Be2 Qg1+ 22.Be1 Qxg2 23.Bd2 Qg1+ 24.Be1 Qe3 25.Rc8 Qxe2+
26.Kc1 { } {#R} 0-1

[Event "It (open) (b)"]
[Site "masterchessopen.com Novi Sad (Serbia)"]
[Date "2008.04.10"]
[Round "5"]
[White "Kanjuh Vladimir (SRB)"]
[Black "Zivkovic Momcilo (SRB)"]
[Result "1-0"]
[WhiteElo "2122"]
[BlackElo "2158"]

1.d4 d5 2.Nf3 Nf6 3.c4 c6 4.e3 Bf5 5.Nc3 e6 6.Bd3 Bxd3 7.Qxd3 Nbd7 8.O-O Bd6
9.e4 dxe4 10.Nxe4 Nxe4 11.Qxe4 Nf6 12.Qh4 Qa5 13.Bh6 Kf8 14.Qxf6 Rg8 15.Ng5
Qc7 {#r} 1-0

[Event "It (open)"]
[Site "masterchessopen.com Calvi (France)"]
[Date "2008.04.11"]
[Round "8"]
[White "Fourcand Pierre (FRA)"]
[Black "Al Sayed Mohamad N (QAT)"]
[Result "0-1"]
[WhiteElo "2029"]
[BlackElo "2477"]

1.d4 d5 2.c4 c6 3.Nf3 Nf6 4.e3 Bf5 5.cxd5 cxd5 6.Qb3 Qc7 7.Nc3 e6 8.Bd2 Nc6
9.Bb5 a6 10.Bxc6+ bxc6 11.O-O Bd6 12.h3 O-O 13.Rfc1 Rfb8 14.Qa4 Rxb2 15.Nd1
Rb5 16.Nc3 Rb4 17.Qd1 Rc4 18.Na4 Rxc1 19.Rxc1 Ne4 20.Qe1 Nxd2 21.Qxd2 Ba3
22.Rd1 Rb8 23.Qc3 Bb4 24.Qc1 Rb5 25.Ne5 Bd6 26.Nxc6 Rb1 {#R} 0-1

[Event "Tournament (qual)"]
[Site "masterchessopen.com Cali (Colombia)"]
[Date "2008.05.03"]
[Round "4"]
[White "Otalora Carlos Eduardo (COL)"]
[Black "Moreno Yovanny (COL)"]
[Result "1-0"]
[WhiteElo "2081"]
[BlackElo "1999"]

1.d4 d5 2.c4 c6 3.e3 Nf6 4.Nf3 Bf5 5.Nc3 e6 6.cxd5 exd5 7.Bd3 Bxd3 8.Qxd3 Nbd7
9.a3 Bd6 10.b4 O-O 11.O-O Re8 12.Bb2 a6 13.Na4 Ne4 14.Nc5 Qc7 15.Nxd7 Qxd7
16.Ne5 Qe7 17.f3 Nf6 18.Bc3 Bxe5 19.dxe5 Nd7 20.f4 f6 21.e4 dxe4 22.Qc4+ Kh8
23.Qxe4 fxe5 24.fxe5 Nxe5 25.Bxe5 Qxe5 26.Rf8+ {#r} 1-0

[Event "It (open)"]
[Site "masterchessopen.com Klatovy (Czech Republic)"]
[Round "0"]
[White "Hasek Vaclav (CZE)"]
[Black "Frijling Jeroen (NED)"]
[Result "1-0"]
[WhiteElo "2054"]
[BlackElo "1802"]

1.Nf3 d5 2.d4 Nf6 3.c4 c6 4.e3 Bf5 5.Nc3 e6 6.Bd3 Bxd3 7.Qxd3 Nbd7 8.O-O Be7
9.e4 dxe4 10.Nxe4 Nxe4 11.Qxe4 O-O 12.Bf4 Nf6 13.Qe2 Rc8 14.Rac1 Qa5 15.Be5
Ng4 16.Bg3 Qf5 17.h3 Nf6 18.a3 Rce8 19.Rfe1 Nh5 20.Be5 Nf4 21.Qe3 Ng6 22.Qd2
Rd8 23.Qc3 Bf6 24.g4 {#r} 1-0

[Event "Ch Asia (juniors) (under 16)"]
[Site "masterchessopen.com Teheran (Iran)"]
[Date "2008.07.21"]
[Round "9"]
[White "Saeed Ishaq (UAE)"]
[Black "Al-Hasnawi Haider (IRQ)"]
[Result "1-0"]
[WhiteElo "2179"]
[BlackElo "1822"]

1.d4 d5 2.c4 c6 3.Nf3 Nf6 4.e3 Bf5 5.Nc3 e6 6.Nh4 Bg6 7.Nxg6 hxg6 8.Bd3 Nbd7
9.Bd2 Bd6 10.h3 a6 11.e4 dxe4 12.Nxe4 Nxe4 13.Bxe4 Qf6 14.Bc3 Qf4 15.Qe2 Nf6
16.Bf3 Kf8 17.g3 Qf5 18.O-O-O {#r} 1-0

[Event "It (open) (b)"]
[Site "masterchessopen.com Pardubice (Czech Republic)"]
[Date "2008.07.22"]
[Round "5"]
[White "Nedochetov Mikhail (RUS)"]
[Black "Beinoraite Viktorija (LTU)"]
[Result "1-0"]
[WhiteElo "2362"]
[BlackElo "2051"]

1.d4 d5 2.Nf3 Nf6 3.c4 c6 4.e3 Bf5 5.Nc3 e6 6.Nh4 Bg6 7.Nxg6 hxg6 8.Bd2 Nbd7
9.Qc2 Bd6 10.g3 Ng4 11.c5 Qf6 12.f4 Bxf4 13.exf4 Qxd4 14.Bc1 Nxc5 15.Qe2 f5
16.Bd2 Kf7 17.O-O-O a5 18.h3 Na6 19.Bg2 Nf6 20.Rhe1 Rhe8 21.Be3 Qb4 22.Bd4 a4
23.Kb1 c5 24.Be3 Qb6 {#r} 1-0

[Event "Ch Costa Rica (Fase 2)"]
[Site "masterchessopen.com San Jose (Costa Rica)"]
[Date "2008.09.02"]
[Round "7"]
[White "Vargas Serano Pablo (CRC)"]
[Black "Vives David (CRC)"]
[Result "1-0"]
[WhiteElo "1978"]
[BlackElo "2097"]

1.d4 d5 2.c4 c6 3.Nf3 Nf6 4.e3 Bf5 5.cxd5 cxd5 6.Qb3 Qc7 7.Bb5+ Nc6 8.Bd2 e6
9.O-O Bd6 10.Bb4 O-O 11.Bxc6 Bxb4 12.Qxb4 Qxc6 13.Ne5 Qa6 14.Nc3 Rac8 15.f3
Rfd8 16.Rac1 Bg6 17.a4 Ne8 18.Nb5 Qb6 19.Nd7 Qa6 20.Nc5 {#r} 1-0

[Event "Ch Serbia (team) (1st League)"]
[Site "masterchessopen.com Subotica (Serbia)"]
[Date "2008.09.06"]
[Round "6"]
[White "Pavlovic Milos_ (SRB)"]
[Black "Klasan Vladimir (SRB)"]
[Result "1-0"]
[WhiteElo "2524"]
[BlackElo "2326"]

1.d4 d5 2.c4 c6 3.Nf3 Nf6 4.e3 Bf5 5.Nc3 e6 6.Nh4 Bg4 7.Qb3 b6 8.h3 Bh5 9.g4
Ne4 10.Nxe4 Qxh4 11.cxd5 exd5 12.gxh5 Qxe4 13.Rg1 Qf5 14.Be2 Qxh3 15.Bd2 Nd7
16.O-O-O Nf6 17.Kb1 g6 18.Rc1 Ne4 19.Be1 Bg7 20.Rxc6 Rd8 21.Bb4 Qf5 22.Ka1 Nf6
23.Rxf6 {#r} 1-0

[Event "It (open) \"]
[Site "masterchessopen.com Nuernberg (Germany)"]
[Date "2008.09.07"]
[Round "7"]
[White "Willim Michael (GER)"]
[Black "Krauss Josef (GER)"]
[Result "1-0"]
[WhiteElo "2131"]
[BlackElo "2063"]

1.Nf3 d5 2.c4 c6 3.d4 Nf6 4.e3 Bf5 5.cxd5 cxd5 6.Qb3 Qc8 7.Bd2 e6 8.Bb5+ Nfd7
9.O-O Bd6 10.Rc1 Nc6 11.Qa4 Ndb8 12.Bb4 Bxb4 13.Qxb4 f6 14.Nbd2 Kf7 15.Qa4 a6
16.Nb3 Ra7 17.Bxc6 Nxc6 18.Na5 b5 19.Qa3 Rc7 20.Qc5 Qd7 21.Nxc6 {#r} 1-0

[Event "It (open)"]
[Site "masterchessopen.com Arco (Italy)"]
[Date "2008.10.23"]
[Round "6"]
[White "Lapiccirella Daniele (ITA)"]
[Black "Schaberg Wolfgang"]
[Result "1-0"]
[WhiteElo "2179"]
[BlackElo "1932"]

1.d4 d5 2.c4 c6 3.Nf3 Nf6 4.e3 Bf5 5.Bd3 dxc4 6.Bxf5 Qa5+ 7.Nbd2 Qxf5 8.Nxc4
Nbd7 9.Qb3 Nb6 10.Nce5 e6 11.a4 Rb8 12.a5 Nbd7 13.O-O Bd6 14.a6 bxa6 15.Qc4
O-O 16.Nxd7 Nxd7 17.Qxc6 Qd5 18.Qxa6 Nf6 19.Ra5 {#r} 1-0

[Event "It (open)"]
[Site "masterchessopen.com Arco (Italy)"]
[Date "2008.10.24"]
[Round "7"]
[White "Dickhoff Ronald (NED)"]
[Black "Niccoli Paolo (ITA)"]
[Result "1-0"]
[WhiteElo "2175"]
[BlackElo "1898"]

1.d4 d5 2.c4 c6 3.Nf3 Nf6 4.e3 Bf5 5.cxd5 cxd5 6.Qb3 Qc7 7.Bd2 Nc6 8.Bb5 a6
9.Bxc6+ bxc6 10.O-O e5 11.Rc1 Bd6 12.Qa4 Rc8 13.Bb4 O-O 14.Bxd6 Qxd6 15.Qxa6
Qb4 16.Qa3 Qb6 17.Nbd2 Ra8 18.Qc3 Rfc8 19.Nxe5 Rab8 20.b3 Qc7 21.b4 Nd7
22.Qxc6 Qxc6 23.Nxc6 {#r} 1-0

[Event "Ch PriFO (juniors) (under 18) (g)"]
[Site "masterchessopen.com Penza (Russia)"]
[Date "2008.11.07"]
[Round "5"]
[White "Senchukova Galina (RUS)"]
[Black "Alekseeva Natalia (RUS)"]
[Result "0-1"]
[WhiteElo "1796"]
[BlackElo "1731"]

1.d4 d5 2.c4 c6 3.e3 Nf6 4.Nf3 Bf5 5.Be2 e6 6.Nh4 Bxb1 7.Rxb1 Bb4+ 8.Bd2 Bxd2+
9.Qxd2 Ne4 10.Qb4 Qxh4 11.Qxb7 Qxf2+ 12.Kd1 Qxe3 13.Qxa8 Qd2# 0-1

[Event "Tournament (a)"]
[Site "masterchessopen.com Donostia (Spain)"]
[Date "2008.11.08"]
[Round "3"]
[White "Argandona Rivero Inigo (ESP)"]
[Black "Irure Crespo Egoitz (ESP)"]
[Result "1-0"]
[WhiteElo "2385"]
[BlackElo "1935"]

1.Nf3 d5 2.d4 Nf6 3.c4 c6 4.e3 Bf5 5.Nc3 e6 6.Nh4 Bg4 7.Qb3 Qb6 8.h3 Bh5 9.g4
Bg6 10.Nxg6 hxg6 11.Bg2 Na6 12.c5 Qxb3 13.axb3 Bxc5 14.dxc5 Nxc5 15.Ra3 b5
16.b4 Nd3+ 17.Ke2 Ne5 18.b3 Kd8 19.Bb2 Kc8 20.Nxb5 Nexg4 21.Nd6+ Kc7 22.Nxf7
Rhf8 23.Ng5 Nxf2 24.Rf1 N2e4 25.Bxe4 {#r} 1-0

[Event "Ch CFO (team)"]
[Site "masterchessopen.com Elets (Russia)"]
[Date "2008.12.20"]
[Round "6"]
[White "Barbashin Igor (RUS)"]
[Black "Popov Yuri N (RUS)"]
[Result "1-0"]
[WhiteElo "2240"]
[BlackElo "2375"]

1.d4 d5 2.Nf3 Nf6 3.c4 c6 4.e3 Bf5 5.Nc3 e6 6.Be2 h6 7.O-O Bd6 8.b3 Nbd7 9.Bb2
O-O 10.Bd3 Bxd3 11.Qxd3 Re8 12.Rad1 e5 13.dxe5 Nxe5 14.Nxe5 Bxe5 15.cxd5 Bxh2+
16.Kxh2 Ng4+ 17.Kg3 Qg5 18.f4 Qh5 19.Rh1 Qxh1 20.Rxh1 Rxe3+ 21.Qxe3 Nxe3
22.dxc6 bxc6 23.Kf3 Nc2 24.Rc1 Nb4 25.Rd1 Re8 26.Rd2 {#r} 1-0

[Event "It (open)"]
[Site "masterchessopen.com Vandoeuvre (France)"]
[Date "2008.12.28"]
[Round "6"]
[White "Spielmann Alain (FRA)"]
[Black "Svetushkin Dmitry (MDA)"]
[Result "0-1"]
[WhiteElo "2328"]
[BlackElo "2588"]

1.Nf3 d5 2.d4 Nf6 3.c4 c6 4.e3 Bf5 5.Nc3 e6 6.Nh4 Bg6 7.Nxg6 hxg6 8.Bd3 Nbd7
9.Bd2 Bd6 10.c5 Bc7 11.f4 Ba5 12.O-O Bxc3 13.bxc3 Ne4 14.Be1 b6 15.cxb6 Nxb6
16.c4 Nxc4 17.Bxc4 dxc4 18.Qa4 Qd5 19.Rc1 Kd7 20.Rxc4 Rhb8 21.Rb4 Rb5 22.Qa6
Ke8 23.Qa3 a5 24.Rb3 Rxb3 25.axb3 Rb8 26.Qxa5 Rxb3 {#R} 0-1

[Event "It (masters)"]
[Site "masterchessopen.com Hastings (England)"]
[Date "2009.01.02"]
[Round "6"]
[White "Young Craig A (ENG)"]
[Black "Calvert David Ian (ENG)"]
[Result "0-1"]
[WhiteElo "2049"]
[BlackElo "2069"]

1.d4 d5 2.c4 c6 3.Nf3 Nf6 4.e3 Bf5 5.Qb3 Qb6 6.Nc3 Qxb3 7.axb3 e6 8.c5 Nbd7
9.b4 Be7 10.Be2 O-O 11.O-O a6 12.Bd2 Ne4 13.Be1 Bf6 14.Nxe4 dxe4 15.Nd2 e5
16.Nc4 exd4 17.Nd6 d3 18.Bxd3 exd3 19.Nxf5 Bxb2 20.Rd1 a5 21.Rxd3 Rfd8 22.Nd6
a4 23.Bc3 Ne5 24.Bxe5 Bxe5 25.Ra3 Bxd6 26.cxd6 Rxd6 {#R} 0-1

[Event "It (open)"]
[Site "masterchessopen.com Gurgaon (India)"]
[Date "2009.01.22"]
[Round "2"]
[White "Kunte Abhijit (IND)"]
[Black "Mohammad Ali (BAN)"]
[Result "1-0"]
[WhiteElo "2515"]
[BlackElo "2241"]

1.d4 d5 2.c4 c6 3.Nf3 Nf6 4.e3 Bf5 5.Nc3 e6 6.Nh4 Bg6 7.Bd2 Nbd7 8.g3 Bd6 9.b3
O-O 10.Nxg6 hxg6 11.Bg2 Re8 12.O-O dxc4 13.bxc4 e5 14.Rb1 Rb8 15.Rb3 Bf8
16.Qc2 Nb6 17.Ne2 exd4 18.Nxd4 Qd7 19.c5 Nbd5 20.Rfb1 Rec8 21.h3 b5 22.cxb6
Rxb6 23.Nf3 Bd6 24.e4 {#r} 1-0

[Event "It \"]
[Site "masterchessopen.com Neustadt a.d. Weinstrasse (Germany)"]
[Date "2009.02.16"]
[Round "2"]
[White "Raykhman Alexander (GER)"]
[Black "Malakhatko Vadim (BEL)"]
[Result "0-1"]
[WhiteElo "2274"]
[BlackElo "2570"]

1.d4 d5 2.c4 c6 3.Nf3 Nf6 4.e3 Bf5 5.Nc3 e6 6.Nh4 Bg6 7.Be2 Nbd7 8.O-O Be7
9.g3 Qc7 10.Bd2 Rd8 11.Nxg6 hxg6 12.b3 a6 13.Qc2 e5 14.c5 e4 15.b4 Nf8 16.f4
exf3 17.Bxf3 Ne6 18.Qd1 Ng5 19.a4 Qd7 20.Be1 Qe6 21.Bd2 Rxh2 22.Kxh2 Qh3+
23.Kg1 Qxg3+ 24.Kh1 Kd7 {#R} 0-1

[Event "Ch City (open)"]
[Site "masterchessopen.com Omsk (Russia)"]
[Date "2009.02.22"]
[Round "8"]
[White "Mikhailovsky Viktor (RUS)"]
[Black "Barakin Gennady (RUS)"]
[Result "0-1"]
[WhiteElo "1984"]
[BlackElo "1934"]

1.Nf3 Nf6 2.d4 d5 3.c4 c6 4.e3 Bf5 5.cxd5 cxd5 6.Qb3 Qc7 7.Nc3 e6 8.Ne5 a6
9.Bd2 Nbd7 10.Qa4 Rc8 11.Be2 Bd6 12.h4 h5 13.Nd3 O-O 14.Qd1 g6 15.Rc1 Qb8
16.Na4 Rxc1 17.Qxc1 Rc8 18.Qd1 b5 19.Nc3 a5 20.O-O Ne4 21.Be1 Be7 22.g3 Bh3
23.Nf4 Nxc3 24.bxc3 Bxf1 25.Bxf1 Nf6 26.Qb3 b4 {#R} 0-1

[Event "Tournament (Elo)"]
[Site "masterchessopen.com Sabadell (Spain)"]
[Date "2009.02.27"]
[Round "6"]
[White "Canovas Pardo Albert (ESP)"]
[Black "Sierra Casado Manuel (ESP)"]
[Result "1-0"]
[WhiteElo "2142"]
[BlackElo "1959"]

1.d4 d5 2.Nf3 Nf6 3.c4 c6 4.e3 Bf5 5.Nc3 e6 6.Bd2 Nbd7 7.Be2 Bd6 8.O-O O-O
9.Nh4 Bg6 10.Nxg6 hxg6 11.c5 Bc7 12.f4 Ne4 13.Nxe4 dxe4 14.Qc2 f5 15.Qb3 Kf7
16.Qxb7 Rb8 17.Qxc6 Rxb2 18.Bc4 Re8 19.Rfd1 Nf6 20.Rab1 Rxb1 21.Rxb1 Re7
22.Rb7 Nd5 23.Bxd5 exd5 24.Rxa7 Qb8 25.Qxd5+ Kf8 26.Ra8 {#r} 1-0

[Event "NRW Klasse 2 2008/09"]
[Site "masterchessopen.com Germany"]
[Date "2009.03.22"]
[Round "8"]
[White "Kniest Oliver (GER)"]
[Black "Wellen Hendrik (GER)"]
[Result "1-0"]
[WhiteElo "2305"]
[BlackElo "2141"]

1.d4 d5 2.c4 c6 3.Nf3 Nf6 4.e3 Bf5 5.cxd5 cxd5 6.Nc3 e6 7.Ne5 Be7 8.g4 Bg6
9.h4 Ne4 10.h5 Nxc3 11.bxc3 Be4 12.Bb5+ Kf8 13.f3 Qa5 14.Ba4 b5 15.Bb3 f6
16.fxe4 fxe5 17.O-O+ Ke8 18.exd5 Qxc3 19.Bd2 Qd3 20.dxe6 Na6 21.Qf3 Nc7
22.Qc6+ {#r} 1-0

[Event "It (open)"]
[Site "masterchessopen.com Elancourt (France)"]
[Date "2009.04.19"]
[Round "3"]
[White "Gey Marc-Emile (FRA)"]
[Black "Sanchez Joseph (PHI)"]
[Result "0-1"]
[WhiteElo "1946"]
[BlackElo "2491"]

1.d4 d5 2.c4 c6 3.Nf3 Nf6 4.e3 Bf5 5.Nc3 a6 6.Qb3 b5 7.cxd5 cxd5 8.a4 b4
9.Qxb4 Nc6 10.Qc5 Na5 11.Qa3 e6 12.Qa2 Qb6 13.Nd2 Bd6 14.Be2 O-O 15.O-O Rfc8
16.h3 h5 17.Bxh5 Nxh5 18.g4 Bd3 19.gxh5 Bxf1 20.Kxf1 Qd8 {#R} 0-1

[Event "Extraliga (w)"]
[Site "masterchessopen.com Frydek-Mistek (Czech Republic)"]
[Date "2009.05.14"]
[Round "1"]
[White "Obdrzalkova Anita (SVK)"]
[Black "Kulovana Eva (CZE)"]
[Result "0-1"]
[WhiteElo "2004"]
[BlackElo "2299"]

1.d4 d5 2.Nf3 Nf6 3.c4 c6 4.e3 Bf5 5.Nc3 e6 6.b3 Bb4 7.Bd2 Qe7 8.a4 O-O 9.Be2
Nbd7 10.O-O h6 11.Qe1 Bd6 12.c5 Bc7 13.b4 e5 14.dxe5 Nxe5 15.Nd4 Bh7 16.Qd1 a5
17.Qb3 axb4 18.Qxb4 Ba5 19.Qa3 Nc4 20.Bxc4 dxc4 21.Rfd1 Nd7 22.e4 Qxc5 23.Qxc5
Nxc5 24.f3 Rfd8 25.Nce2 Bb6 26.Bc1 {#R} 0-1

[Event "Ch Israel (team)"]
[Site "masterchessopen.com Israel"]
[Date "2009.05.15"]
[Round "9"]
[White "Mikhalevski Victor (ISR)"]
[Black "Jirka Jiri (CZE)"]
[Result "1-0"]
[WhiteElo "2631"]
[BlackElo "2440"]

1.d4 d5 2.c4 c6 3.Nf3 Nf6 4.e3 Bf5 5.Nc3 a6 6.Qb3 b5 7.c5 Nbd7 8.a4 e5 9.Na2
exd4 10.exd4 Ne4 11.Nb4 Rc8 12.axb5 axb5 13.Nxc6 Rxc6 14.Bxb5 Re6 15.O-O Bxc5
16.dxc5 O-O 17.Qxd5 Ne5 18.Qxd8 Nxf3+ 19.gxf3 Rg6+ 20.Kh1 Bh3 21.Ra8 Bg2+
22.Kg1 Bxf3+ 23.Bg5 Rxg5+ 24.Qxg5 {#r} 1-0

[Event "Tournament (Elo)"]
[Site "masterchessopen.com Recife (Brazil)"]
[Date "2009.05.26"]
[Round "8"]
[White "Gomez Gustavo Pizzocaro (BRA)"]
[Black "Gisclan Heverton (BRA)"]
[Result "1-0"]
[WhiteElo "2173"]
[BlackElo "2239"]

1.Nf3 Nf6 2.d4 d5 3.c4 c6 4.e3 Bf5 5.Nc3 e6 6.Nh4 Bg6 7.Be2 Nbd7 8.Nxg6 hxg6
9.Qb3 Qc7 10.h3 g5 11.e4 dxc4 12.Bxc4 g4 13.Be3 gxh3 14.Rxh3 Rxh3 15.gxh3 Nb6
16.Be2 O-O-O 17.Nb5 Qe7 18.Nxa7+ Kb8 19.Nxc6+ bxc6 20.Qxb6+ {#r} 1-0